00933cam a22002655a 4500001000800000005001700008008004100025020001500066040003300081043001200114082001900126100002500145245006100170260004100231300002600272504005100298650004400349650004900393650004700442651003600489653001800525942000800543999001700551952009900568193483520180522122147.0861205s1988 au frb f001 0 eng d a9774241754 aDLCcDLCdDLCdEG-ScBUEbeng af-ua---04222a306.3bHOP1 aHopkins, Nicholas S.10aAgrarian transformation in Egypt /cNicholas S. Hopkins. aCairo :bAmerican University,c1988. axvi, 215 p. ;c23 cm. aIncludes bibliographical references and index. 7aAgricultural innovationszEgypt.2BUEsh 7aAgriculturexEconomic aspectszEgypt.2BUEsh 7aAgriculturexSocial aspectszEgypt.2BUEsh 7aEgyptxRural conditions.2BUEsh bGGENcMay2018 2ddc c26768d26740 00102ddc4070aMAINbMAINc1STd2018-05-22l0o306.3 HOPp000047817r2025-07-15 00:00:00yBB